| 000 | 00362nam a2200145Ia 4500 | ||
|---|---|---|---|
| 008 | 150201s2005 xx 000 0 und d | ||
| 082 |
_a617.63 _bM2005S |
||
| 100 | _aSCULLY,C.S. | ||
| 245 | _aMEDICAL PROBLEMS IN DENTISTRY | ||
| 250 | _a1ST | ||
| 260 |
_bCHURCHILL LIVINGSTONE _aEDINBURGH _c2005 |
||
| 300 | _a1-684 | ||
| 650 | _aORAL MEDICINE | ||
| 942 |
_2ddc _cBK |
||
| 999 |
_c3429 _d3429 |
||